[Event "Zagreb Superbet Rapid"]
[Site "Zagreb"]
[Date "2025.07.02"]
[Round "1"]
[White "Saric, Ivan"]
[Black "Carlsen, Magnus"]
[Result "1/2-1/2"]
[WhiteElo "2661"]
[BlackElo "2837"]
[PlyCount "83"]
[EventDate "2025.07.02"]
[EventType "tourn (rapid)"]
[EventRounds "9"]
[EventCountry "CRO"]
[EventCategory "21"]
[SourceTitle "CB28_2025"]
[SourceDate "2025.07.09"]
[SourceVersion "1"]
[SourceVersionDate "2025.07.09"]
[SourceQuality "1"]

1. e4 c5 2. Nf3 Nc6 3. d4 cxd4 4. Nxd4 Nf6 5. Nc3 e5 6. Ndb5 d6 7. Bg5 a6 8. Na3 b5 9. Nd5 Be7 10. Bxf6 Bxf6 11. c3 0-0 12. Nc2 Rb8 13. h4 g6 14. g3 Bg7 15. h5 a5 16. a3 Be6 17. Bh3 Bxd5 18. Qxd5 Ne7 19. Qd3 d5 20. hxg6 hxg6 21. Rd1 dxe4 22. Qxe4 Qb6 23. Rd7 Rfd8 24. Rxe7 Qd6 25. Rd7 Rxd7 26. Bxd7 Qxd7 27. Ne3 f5 28. Qd5+ Qxd5 29. Nxd5 Kf7 30. Ke2 Rb7 31. f3 Ke6 32. Ne3 b4 33. axb4 axb4 34. g4 bxc3 35. gxf5+ gxf5 36. bxc3 Rb2+ 37. Kd3 Rf2 38. Rf1 Rxf3 39. Rxf3 e4+ 40. Ke2 exf3+ 41. Kxf3 Bxc3 42. Nxf5 1/2-1/2

[Event "WchT Blitz Pool B"]
[Site "London"]
[Date "2025.06.14"]
[Round "12.3"]
[White "Giri, Anish"]
[Black "Saric, Ivan"]
[Result "1-0"]
[WhiteElo "2748"]
[BlackElo "2661"]
[PlyCount "119"]
[EventDate "2025.06.14"]
[EventType "team-tourn"]
[EventRounds "13"]
[EventCountry "ENG"]
[SourceTitle "CB25_2025"]
[SourceDate "2025.06.18"]
[SourceVersion "1"]
[SourceVersionDate "2025.06.18"]
[SourceQuality "1"]
[WhiteTeam "Hexamind Team"]
[BlackTeam "Malcolm's Mates"]
[WhiteTeamCountry "USA"]
[BlackTeamCountry "ENG"]

1. e4 c5 2. Nf3 Nc6 3. Bb5 g6 4. 0-0 Bg7 5. Re1 e5 6. Bxc6 dxc6 7. a4 Qe7 8. a5 Nf6 9. d3 0-0 10. Nbd2 Ne8 11. Nc4 Nc7 12. Bd2 Bg4 13. h3 Bxf3 14. Qxf3 Ne6 15. Qd1 Qc7 16. b4 b5 17. axb6 axb6 18. bxc5 b5 19. Ne3 Rfd8 20. Bb4 Bf8 21. Qd2 Bxc5 22. Ba5 Bb6 23. Bxb6 Qxb6 24. Ng4 Rxa1 25. Rxa1 h5 26. Ne3 Nd4 27. Qd1 Qc5 28. Qd2 Kg7 29. Kh1 Rb8 30. Ra6 Rd8 31. Nf5+ Nxf5 32. exf5 Rd6 33. fxg6 Rxg6 34. Qe2 Qd5 35. f3 Re6 36. Ra1 Qd4 37. Re1 c5 38. Qd2 Qf4 39. Qf2 c4 40. dxc4 bxc4 41. Re4 Qc1+ 42. Kh2 c3 43. Qg3+ Kh7 44. Rh4 Qxc2 45. Rxh5+ Rh6 46. Rxe5 Qd2 47. Re7 Qd5 48. Qf4 Kg7 49. Re5 Qd6 50. Rg5+ Kh7 51. Qxd6 Rxd6 52. Rc5 Rd3 53. Kg3 Kg6 54. Kf4 Rd2 55. g4 c2 56. h4 f6 57. Rc7 Rh2 58. h5+ Kh6 59. Kf5 Rf2 60. f4 1-0

[Event "WchT Blitz Pool B"]
[Site "London"]
[Date "2025.06.14"]
[Round "10.3"]
[White "Goh, Jinghan Cameron"]
[Black "Saric, Ivan"]
[Result "0-1"]
[WhiteElo "2178"]
[BlackElo "2661"]
[PlyCount "88"]
[EventDate "2025.06.14"]
[EventType "team-tourn"]
[EventRounds "13"]
[EventCountry "ENG"]
[SourceTitle "CB25_2025"]
[SourceDate "2025.06.18"]
[SourceVersion "1"]
[SourceVersionDate "2025.06.18"]
[SourceQuality "1"]
[WhiteTeam "Oxbridge"]
[BlackTeam "Malcolm's Mates"]
[WhiteTeamCountry "ENG"]
[BlackTeamCountry "ENG"]

1. d4 d6 2. e4 Nf6 3. Nc3 g6 4. f4 Bg7 5. Nf3 0-0 6. Bd3 Nc6 7. e5 dxe5 8. dxe5 Nd5 9. Nxd5 Qxd5 10. Qe2 Bg4 11. 0-0 Nd4 12. Qe4 Nxf3+ 13. gxf3 Be6 14. Be3 Rfd8 15. Rfd1 c6 16. Qxd5 Bxd5 17. Be4 e6 18. Kf2 f6 19. Bd4 f5 20. Bxd5 cxd5 21. c3 Rdc8 22. Ke3 Kf7 23. a4 Bf8 24. h4 Be7 25. h5 gxh5 26. Rh1 h4 27. Rag1 a6 28. b4 a5 29. Bc5 Rxc5 30. bxc5 Bxc5+ 31. Kd3 Bxg1 32. Rxg1 Rc8 33. Rh1 Rc4 34. Rxh4 Kg6 35. Rh1 Rxf4 36. Rg1+ Kh5 37. Rg7 Rxf3+ 38. Kd4 Rf4+ 39. Kc5 Rc4+ 40. Kd6 Rc6+ 41. Kd7 f4 42. Ke7 Rc7+ 43. Kf6 Rxg7 44. Kxg7 Kg5 0-1

[Event "WchT Blitz Pool B"]
[Site "London"]
[Date "2025.06.14"]
[Round "11.3"]
[White "Saric, Ivan"]
[Black "Bharat Kumar, Balahari"]
[Result "1-0"]
[WhiteElo "2661"]
[BlackElo "2052"]
[PlyCount "42"]
[EventDate "2025.06.14"]
[EventType "team-tourn"]
[EventRounds "13"]
[EventCountry "ENG"]
[SourceTitle "CB25_2025"]
[SourceDate "2025.06.18"]
[SourceVersion "1"]
[SourceVersionDate "2025.06.18"]
[SourceQuality "1"]
[WhiteTeam "Malcolm's Mates"]
[BlackTeam "Desert Penguins"]
[WhiteTeamCountry "ENG"]
[BlackTeamCountry "ENG"]

1. g3 Nf6 2. Bg2 d5 3. Nf3 g6 4. c4 Bg7 5. cxd5 Nxd5 6. Nc3 Nb6 7. h4 h6 8. d4 0-0 9. 0-0 N8d7 10. e4 e6 11. a4 c5 12. d5 exd5 13. exd5 Nf6 14. Ne5 Re8 15. Re1 Bd7 16. a5 Nc8 17. a6 b6 18. d6 Rb8 19. Bf4 Bf8 20. Nd5 Nxd6 21. Nxf6+ Qxf6 1-0

[Event "WchT Rapid"]
[Site "London"]
[Date "2025.06.11"]
[Round "3.4"]
[White "Le, Tuan Minh"]
[Black "Saric, Ivan"]
[Result "1/2-1/2"]
[WhiteElo "2503"]
[BlackElo "2597"]
[PlyCount "82"]
[EventDate "2025.06.11"]
[EventType "team-swiss"]
[EventRounds "12"]
[EventCountry "ENG"]
[SourceTitle "CB25_2025"]
[SourceDate "2025.06.18"]
[SourceVersion "1"]
[SourceVersionDate "2025.06.18"]
[SourceQuality "1"]
[WhiteTeam "Theme Int Trading"]
[BlackTeam "Malcolm's Mates"]
[WhiteTeamCountry "SIN"]
[BlackTeamCountry "ENG"]

1. d4 Nf6 2. c4 g6 3. Nf3 Bg7 4. g3 0-0 5. Bg2 c6 6. 0-0 d5 7. b3 Bf5 8. Bb2 Nbd7 9. e3 Qa5 10. Qe2 Rfc8 11. Nbd2 b5 12. Rfc1 bxc4 13. bxc4 Rab8 14. Nb3 Qa6 15. Bf1 Ne4 16. Nfd2 Nxd2 17. Qxd2 Qa4 18. Be2 h5 19. cxd5 cxd5 20. Bd1 Qa6 21. Bc3 Nf6 22. f3 Nd7 23. Ba5 Qd6 24. Rxc8+ Rxc8 25. Rc1 Rxc1 26. Qxc1 Bh6 27. Kf2 Nb6 28. Be2 Nc4 29. Bxc4 dxc4 30. Qxc4 Qa3 31. Qe2 Bb1 32. Bd8 Bxa2 33. Nc5 e5 34. Bf6 Bg7 35. dxe5 Bxf6 36. exf6 Qxc5 37. Qxa2 Qc3 38. f4 Qxf6 39. Qxa7 Qb2+ 40. Kg1 Qc1+ 41. Kg2 Qc2+ 1/2-1/2

[Event "Karlsruhe Grenke op"]
[Site "Karlsruhe"]
[Date "2025.04.19"]
[Round "5"]
[White "Czopor, Maciej"]
[Black "Saric, Ivan"]
[Result "0-1"]
[WhiteElo "2412"]
[BlackElo "2659"]
[PlyCount "86"]
[EventDate "2025.04.17"]
[EventType "swiss"]
[EventRounds "9"]
[EventCountry "GER"]
[SourceTitle "CB17_2025"]
[SourceDate "2025.04.23"]
[SourceVersion "1"]
[SourceVersionDate "2025.04.23"]
[SourceQuality "1"]

1. c4 g6 2. Nc3 Bg7 3. d4 Nf6 4. e4 d6 5. Bd3 0-0 6. Nge2 Nc6 7. 0-0 e5 8. d5 Nd4 9. Nxd4 exd4 10. Ne2 Qe7 11. f3 Nd7 12. Bc2 Ne5 13. Nxd4 Nxc4 14. Rb1 c5 15. dxc6 bxc6 16. b3 Nb6 17. Kh1 Bb7 18. Re1 Rad8 19. a4 c5 20. Nb5 a6 21. a5 axb5 22. axb6 Bc6 23. b4 Rfe8 24. Be3 Bc3 25. Bd2 Bd4 26. Be3 Bxe3 27. Rxe3 d5 28. bxc5 dxe4 29. Qe2 Qxc5 30. fxe4 Qxb6 31. e5 Rd4 32. h3 Rh4 33. Kh2 Qd4 34. Rd1 Qf4+ 35. Kg1 Rh5 36. e6 fxe6 37. Bb3 Kg7 38. Rxe6 Rxh3 39. Rxe8 Qh2+ 40. Kf1 Qh1+ 41. Kf2 Qxg2+ 42. Ke1 Qg3+ 43. Qf2 Bxe8 0-1

[Event "Karlsruhe Grenke op"]
[Site "Karlsruhe"]
[Date "2025.04.19"]
[Round "4"]
[White "Saric, Ivan"]
[Black "Grutter, Tim"]
[Result "1/2-1/2"]
[WhiteElo "2659"]
[BlackElo "2423"]
[PlyCount "50"]
[EventDate "2025.04.17"]
[EventType "swiss"]
[EventRounds "9"]
[EventCountry "GER"]
[SourceTitle "CB17_2025"]
[SourceDate "2025.04.23"]
[SourceVersion "1"]
[SourceVersionDate "2025.04.23"]
[SourceQuality "1"]

1. Nf3 Nf6 2. g3 g6 3. Bg2 Bg7 4. c4 0-0 5. Nc3 d6 6. 0-0 e5 7. d3 Nc6 8. Rb1 a5 9. b3 h6 10. Bb2 Be6 11. Re1 Qd7 12. d4 exd4 13. Nxd4 Bh3 14. Bh1 Rfe8 15. Nd5 Nxd5 16. cxd5 Nb4 17. a3 Na6 18. a4 Re7 19. Nb5 Bxb2 20. Rxb2 Nc5 21. Rd2 Rae8 22. Nd4 Bf5 23. Nxf5 Qxf5 24. e3 Rb8 25. Bg2 b5 1/2-1/2

[Event "Karlsruhe Grenke op"]
[Site "Karlsruhe"]
[Date "2025.04.18"]
[Round "3"]
[White "Frischmann, Rick"]
[Black "Saric, Ivan"]
[Result "0-1"]
[WhiteElo "2331"]
[BlackElo "2659"]
[PlyCount "100"]
[EventDate "2025.04.17"]
[EventType "swiss"]
[EventRounds "9"]
[EventCountry "GER"]
[SourceTitle "CB17_2025"]
[SourceDate "2025.04.23"]
[SourceVersion "1"]
[SourceVersionDate "2025.04.23"]
[SourceQuality "1"]

1. e4 c5 2. d4 cxd4 3. Qxd4 Nc6 4. Qd3 Nf6 5. Nc3 d6 6. Nf3 a6 7. Be2 Bg4 8. 0-0 Rc8 9. a3 g6 10. Rd1 Bg7 11. h3 Bxf3 12. Qxf3 Ne5 13. Qg3 Qb6 14. Be3 Qc6 15. Rd4 0-0 16. f4 Ned7 17. e5 dxe5 18. fxe5 Qc7 19. Bf4 Qb6 20. Rad1 Rxc3 21. Qxc3 Nd5 22. Qb3 Nxf4 23. Bf3 Bxe5 24. Qxb6 Nxb6 25. Rb4 Bc7 26. Bxb7 a5 27. Rb5 Nc4 28. Bf3 Nd6 29. Rb3 e5 30. Bd5 e4 31. c4 e3 32. c5 e2 33. Re1 Nf5 34. Bc4 a4 35. Rb7 Ba5 36. Rxe2 Nxe2+ 37. Bxe2 Rc8 38. Bc4 Rxc5 39. Bxf7+ Kf8 40. Be6 Rc1+ 41. Kh2 Bc7+ 42. g3 Bxg3+ 43. Kg2 Rc2+ 44. Kf3 Rf2+ 45. Kg4 Rf4+ 46. Kg5 Nd6 47. Rxh7 Ne4+ 48. Kxg6 Rf6+ 49. Kh5 Rxe6 50. Rb7 Nc5 0-1

[Event "EU-ch 25th"]
[Site "Eforie Nord"]
[Date "2025.03.24"]
[Round "9"]
[White "Alonso Rosell, Alvar"]
[Black "Saric, Ivan"]
[Result "1/2-1/2"]
[WhiteElo "2535"]
[BlackElo "2652"]
[PlyCount "48"]
[EventDate "2025.03.15"]
[EventType "swiss"]
[EventRounds "11"]
[EventCountry "ROU"]
[SourceTitle "CB13_2025"]
[SourceDate "2025.03.26"]
[SourceVersion "1"]
[SourceVersionDate "2025.03.26"]
[SourceQuality "1"]

1. d4 Nf6 2. c4 g6 3. Nf3 Bg7 4. g3 0-0 5. Bg2 c6 6. 0-0 d5 7. Qb3 a5 8. cxd5 a4 9. Qd1 cxd5 10. Nc3 Ne4 11. Nd2 Nxc3 12. bxc3 Nc6 13. Rb1 Qa5 14. e3 Be6 15. Rxb7 Rfc8 16. Ba3 Qxc3 17. Bc5 Bf6 18. Nb1 Qa5 19. Qd2 Qd8 20. Bb6 Qe8 21. Nc3 Nb4 22. Ba5 Nc6 23. Bb6 Nb4 24. Ba5 Nc6 1/2-1/2

[Event "EU-ch 25th"]
[Site "Eforie Nord"]
[Date "2025.03.22"]
[Round "7"]
[White "Sonis, Francesco"]
[Black "Saric, Ivan"]
[Result "1/2-1/2"]
[WhiteElo "2570"]
[BlackElo "2652"]
[PlyCount "124"]
[EventDate "2025.03.15"]
[EventType "swiss"]
[EventRounds "11"]
[EventCountry "ROU"]
[SourceTitle "CB13_2025"]
[SourceDate "2025.03.26"]
[SourceVersion "1"]
[SourceVersionDate "2025.03.26"]
[SourceQuality "1"]

1. c4 g6 2. Nc3 Bg7 3. g3 Nf6 4. Bg2 0-0 5. d4 Nc6 6. e3 d6 7. Nge2 e5 8. h3 exd4 9. exd4 Re8 10. 0-0 Ne7 11. d5 Nf5 12. b3 Bd7 13. Bb2 a6 14. Qd3 h5 15. Rfe1 Qb8 16. Rad1 b5 17. cxb5 axb5 18. b4 Qb6 19. Bc1 Nh7 20. Kf1 Re7 21. a3 Rae8 22. Bd2 Qa7 23. Bc1 Qb6 24. Nf4 Rxe1+ 25. Rxe1 Rxe1+ 26. Kxe1 Bd4 27. Nd1 c5 28. dxc6 Bxc6 29. Kf1 Nf6 30. Ne2 Bxg2+ 31. Kxg2 Qc6+ 32. f3 Be5 33. Bg5 Nd5 34. Qe4 h4 35. g4 Ng3 36. Nxg3 hxg3 37. Ne3 Qc1 38. Nc2 Qxg5 39. Qxd5 Qc1 40. Qd3 g5 41. Qe2 Qb2 42. Kf1 Bf4 43. Qd3 d5 44. Qe2 d4 45. Ne1 Qc1 46. Kg2 Be3 47. f4 Bxf4 48. Nc2 Be5 49. Qxe5 Qxc2+ 50. Kxg3 Qd3+ 51. Kf2 Qd2+ 52. Kf3 Qd3+ 53. Kf2 Qc2+ 54. Kf1 Qc1+ 55. Kg2 Qf4 56. Qxb5 Qe4+ 57. Kf1 Qf3+ 58. Ke1 Qc3+ 59. Kd1 Qb3+ 60. Kd2 Qe3+ 61. Kc2 Qc3+ 62. Kd1 Qb3+ 1/2-1/2

[Event "EU-ch 25th"]
[Site "Eforie Nord"]
[Date "2025.03.20"]
[Round "6"]
[White "Saric, Ivan"]
[Black "Kourkoulos Arditis, Stamatis"]
[Result "1/2-1/2"]
[WhiteElo "2652"]
[BlackElo "2580"]
[PlyCount "92"]
[EventDate "2025.03.15"]
[EventType "swiss"]
[EventRounds "11"]
[EventCountry "ROU"]
[SourceTitle "CB13_2025"]
[SourceDate "2025.03.26"]
[SourceVersion "1"]
[SourceVersionDate "2025.03.26"]
[SourceQuality "1"]

1. Nf3 d5 2. g3 Bg4 3. Bg2 c6 4. 0-0 Nd7 5. h3 Bh5 6. d3 Ngf6 7. c4 Bxf3 8. Bxf3 dxc4 9. d4 e5 10. Nd2 exd4 11. Nxc4 Nb6 12. Na5 Qd7 13. e4 Bb4 14. Nb3 0-0 15. e5 Nfd5 16. a3 Be7 17. Nxd4 Rad8 18. Bg4 Qc7 19. e6 f5 20. Bxf5 c5 21. Nb5 Qe5 22. Bb1 Nc3 23. Qc2 Nxb1 24. Rxb1 Qxe6 25. Nxa7 Qxh3 26. Qe4 Bf6 27. Be3 Rfe8 28. Qf3 Nc4 29. Bf4 Nd2 30. Bxd2 Rxd2 31. Rbe1 Rxe1 32. Rxe1 Qd7 33. Re2 Qd3 34. Re8+ Kf7 35. Re3 Rd1+ 36. Kh2 Qd5 37. Nb5 Qxf3 38. Rxf3 Ke6 39. b3 Rd2 40. Kg2 Kd5 41. a4 c4 42. Nc3+ Bxc3 43. Rxc3 Rd4 44. a5 cxb3 45. Rxb3 Kc6 46. Rc3+ Kd7 1/2-1/2

[Event "Bundesliga 2425"]
[Site "Germany"]
[Date "2025.02.23"]
[Round "10.9"]
[White "Bjerre, Jonas Buhl"]
[Black "Saric, Ivan"]
[Result "1-0"]
[WhiteElo "2648"]
[BlackElo "2673"]
[PlyCount "71"]
[EventDate "2024.09.28"]
[EventType "team-tourn"]
[EventRounds "15"]
[EventCountry "GER"]
[SourceTitle "CB09_2025"]
[SourceDate "2025.02.27"]
[SourceVersion "1"]
[SourceVersionDate "2025.02.27"]
[SourceQuality "1"]
[WhiteTeam "St Pauli"]
[BlackTeam "Kirchweyhe"]
[WhiteTeamCountry "GER"]
[BlackTeamCountry "GER"]

1. e4 c5 2. Nf3 Nc6 3. Bb5 g6 4. 0-0 Bg7 5. Re1 e5 6. Bxc6 dxc6 7. a4 Qe7 8. Na3 Nh6 9. d3 0-0 10. Nc4 f6 11. a5 Be6 12. b3 Qc7 13. Be3 b5 14. axb6 axb6 15. Qc1 Nf7 16. Qb2 f5 17. Rxa8 Rxa8 18. Ra1 Rxa1+ 19. Qxa1 Qd8 20. h3 Bxc4 21. bxc4 Bf6 22. Qa4 fxe4 23. dxe4 Qd7 24. Qa8+ Kg7 25. Qb8 Qd1+ 26. Kh2 Qxc2 27. Qxb6 Qxe4 28. Qxc5 Nd8 29. Qd6 Qxc4 30. Ng5 Qg8 31. Qd7+ Kh8 32. Ne4 Bg7 33. Nd6 Bf6 34. Ne8 Qf8 35. Nxf6 Qxf6 36. Bh6 1-0

[Event "Saint Louis Masters op"]
[Site "Saint Louis"]
[Date "2024.12.05"]
[Round "5"]
[White "Kevlishvili, Robby"]
[Black "Saric, Ivan"]
[Result "1-0"]
[WhiteElo "2556"]
[BlackElo "2669"]
[PlyCount "105"]
[EventDate "2024.12.03"]
[EventType "swiss"]
[EventRounds "9"]
[EventCountry "USA"]
[SourceTitle "CB50_2024"]
[SourceDate "2024.11.01"]
[SourceVersion "1"]
[SourceVersionDate "2024.11.01"]
[SourceQuality "2"]

1. e4 c5 2. Nf3 d6 3. d4 cxd4 4. Nxd4 Nf6 5. Nc3 a6 6. Be3 e5 7. Nb3 Be7 8. h3 Be6 9. Qf3 0-0 10. 0-0-0 b5 11. g4 b4 12. Nd5 a5 13. Nd2 Nc6 14. g5 Nd7 15. h4 a4 16. Kb1 Nd4 17. Bxd4 exd4 18. Nc4 Ne5 19. Qg3 b3 20. cxb3 axb3 21. a3 Bxd5 22. exd5 Qc7 23. Rc1 Qd7 24. Bd3 Nxc4 25. Rxc4 Rfc8 26. Qh3 Qxh3 27. Rxh3 f6 28. g6 hxg6 29. Rxc8+ Rxc8 30. Bxg6 f5 31. Rxb3 Bxh4 32. Bxf5 Rc5 33. Rf3 Kf7 34. b4 Rc7 35. Kb2 Kf6 36. Bd3+ Ke7 37. Bg6 Bf6 38. Kb3 Rc1 39. a4 Kd7 40. a5 Kc7 41. Ka4 Kb7 42. Kb5 Re1 43. Rh3 Re5 44. Rh5 Re2 45. Rh8 Re5 46. Re8 Rxd5+ 47. Kc4 Re5 48. Be4+ d5+ 49. Bxd5+ Kc7 50. Rxe5 Bxe5 51. b5 d3 52. b6+ Kd6 53. a6 1-0

[Event "Saint Louis Masters op"]
[Site "Saint Louis"]
[Date "2024.12.04"]
[Round "4"]
[White "Saric, Ivan"]
[Black "Theodorou, Nikolas"]
[Result "1/2-1/2"]
[WhiteElo "2669"]
[BlackElo "2600"]
[PlyCount "101"]
[EventDate "2024.12.03"]
[EventType "swiss"]
[EventRounds "9"]
[EventCountry "USA"]
[SourceTitle "CB50_2024"]
[SourceDate "2024.11.01"]
[SourceVersion "1"]
[SourceVersionDate "2024.11.01"]
[SourceQuality "2"]

1. e4 c5 2. Nf3 Nc6 3. Bb5 e5 4. 0-0 Nge7 5. Bc4 Ng6 6. c3 Be7 7. d4 exd4 8. cxd4 d6 9. dxc5 dxc5 10. Qxd8+ Bxd8 11. Be3 b6 12. Nc3 0-0 13. h3 Bf6 14. Rad1 Bb7 15. Bd5 h6 16. Rd2 Bxc3 17. bxc3 Rfe8 18. Bxc5 bxc5 19. Rb1 Re7 20. Rdb2 Na5 21. Bxb7 Nxb7 22. Rxb7 Rxe4 23. Rc7 Rc4 24. Rbb7 Rf8 25. Rxa7 Rxc3 26. Kh2 Rc2 27. Kg3 h5 28. a4 h4+ 29. Nxh4 Nxh4 30. Kxh4 Rxf2 31. Kg3 Ra2 32. h4 g6 33. Kh3 Kg7 34. Rxc5 Rd8 35. Rc3 Rf2 36. a5 Rdd2 37. Rf3 Rxf3+ 38. gxf3 Ra2 39. a6 Ra4 40. Kg3 Kf6 41. Kf2 Rxh4 42. Rb7 Ra4 43. a7 g5 44. Ke3 Kg6 45. Kd3 f6 46. Kc3 Kf5 47. Kb3 Ra1 48. Kc4 Kf4 49. Rf7 Kxf3 50. Rxf6+ Kg2 51. Rg6 1/2-1/2

[Event "Saint Louis Masters op"]
[Site "Saint Louis"]
[Date "2024.12.04"]
[Round "3"]
[White "Woodward, Andy"]
[Black "Saric, Ivan"]
[Result "1/2-1/2"]
[WhiteElo "2530"]
[BlackElo "2669"]
[PlyCount "100"]
[EventDate "2024.12.03"]
[EventType "swiss"]
[EventRounds "9"]
[EventCountry "USA"]
[SourceTitle "CB50_2024"]
[SourceDate "2024.11.01"]
[SourceVersion "1"]
[SourceVersionDate "2024.11.01"]
[SourceQuality "2"]

1. d4 d6 2. e4 Nf6 3. Bd3 e5 4. c3 Nc6 5. Nf3 g6 6. 0-0 Bg7 7. dxe5 Nxe5 8. Nxe5 dxe5 9. Bg5 h6 10. Bh4 Qe7 11. Nd2 Bd7 12. Nc4 Qe6 13. Qb3 0-0-0 14. Ne3 Qxb3 15. axb3 a6 16. f3 Be6 17. Bc4 Rhe8 18. Rfd1 Rxd1+ 19. Rxd1 Nd7 20. Bxe6 Rxe6 21. b4 Bf8 22. Kf1 h5 23. Nd5 Rd6 24. Ke2 c6 25. Ne3 Rxd1 26. Kxd1 b5 27. Kc2 Bh6 28. Nf1 Kc7 29. Be7 Nb6 30. b3 Nc8 31. Bc5 Kd7 32. Kd3 Nd6 33. Ng3 Bf4 34. Nf1 Ke6 35. Be3 Bxe3 36. Nxe3 f6 37. Nd1 Nb7 38. Kd2 a5 39. bxa5 Nxa5 40. b4 Nc4+ 41. Ke2 f5 42. g3 Kf6 43. Nf2 Nd6 44. Ke3 Ke6 45. Nd3 fxe4 46. fxe4 Nc4+ 47. Ke2 g5 48. Nc5+ Ke7 49. h3 Nd6 50. Ke3 Nc4+ 1/2-1/2

[Event "Bundesliga 2425"]
[Site "Germany"]
[Date "2024.11.30"]
[Round "3.1"]
[White "Saric, Ivan"]
[Black "Bogosavljevic, Boban"]
[Result "1-0"]
[WhiteElo "2673"]
[BlackElo "2486"]
[PlyCount "81"]
[EventDate "2024.09.28"]
[EventType "team-tourn"]
[EventRounds "15"]
[EventCountry "GER"]
[SourceTitle "CB49_2024"]
[SourceDate "2024.12.04"]
[SourceVersion "1"]
[SourceVersionDate "2024.12.04"]
[SourceQuality "1"]
[WhiteTeam "Kirchweyhe"]
[BlackTeam "Deggendorf"]
[WhiteTeamCountry "GER"]
[BlackTeamCountry "GER"]

1. e4 c5 2. Nf3 g6 3. c3 d5 4. e5 Bg4 5. Bb5+ Nc6 6. 0-0 Bg7 7. d4 Qb6 8. Bxc6+ bxc6 9. Nbd2 cxd4 10. cxd4 Nh6 11. h3 Bxf3 12. Nxf3 0-0 13. Bf4 f6 14. Qd2 Nf5 15. e6 Rfd8 16. Rfe1 a5 17. Rac1 Nd6 18. Bxd6 Rxd6 19. Rc3 a4 20. h4 Rb8 21. Re2 Qa6 22. h5 g5 23. Qc2 Rb4 24. g4 c5 25. a3 Rb3 26. dxc5 Rxc3 27. bxc3 Rxe6 28. Rxe6 Qxe6 29. Qxa4 Qc8 30. c6 e5 31. Kf1 e4 32. Nd4 Qxg4 33. Qb3 Qh3+ 34. Ke1 Bf8 35. c7 e3 36. Qxd5+ Kh8 37. Qc6 exf2+ 38. Kxf2 Qh2+ 39. Ke1 Qg1+ 40. Kd2 Qf2+ 41. Kd1 1-0

[Event "EU-ch 24th"]
[Site "Petrovac"]
[Date "2024.11.18"]
[Round "10"]
[White "Kourkoulos Arditis, Stamatis"]
[Black "Saric, Ivan"]
[Result "1/2-1/2"]
[WhiteElo "2575"]
[BlackElo "2668"]
[PlyCount "92"]
[EventDate "2024.11.08"]
[EventType "swiss"]
[EventRounds "11"]
[EventCountry "MNE"]
[SourceTitle "CB47_2024"]
[SourceDate "2024.11.20"]
[SourceVersion "1"]
[SourceVersionDate "2024.11.20"]
[SourceQuality "1"]

1. e4 c5 2. Nf3 d6 3. d4 cxd4 4. Nxd4 Nf6 5. Nc3 Nc6 6. Bg5 e6 7. Qd2 a6 8. 0-0-0 Bd7 9. f4 b5 10. Bxf6 gxf6 11. Kb1 Qb6 12. Nxc6 Bxc6 13. f5 h5 14. fxe6 fxe6 15. Qf4 Qc5 16. Bd3 Qe5 17. Qf2 Bg7 18. Rhe1 0-0 19. Nd5 Rae8 20. Qb6 f5 21. c3 exd5 22. Qxc6 dxe4 23. Bc2 Rd8 24. a3 Kh8 25. Rd5 Qf4 26. g3 Qf2 27. Rxe4 fxe4 28. Rxh5+ Kg8 29. Qxe4 Rf7 30. Bb3 Qf1+ 31. Ka2 Kf8 32. g4 Bxc3 33. Qd5 Bxb2 34. Qxf7+ Qxf7 35. Bxf7 Be5 36. Be6 Re8 37. Bd5 Rc8 38. Rf5+ Kg7 39. Rf7+ Kg6 40. Rf2 Rh8 41. Bb7 a5 42. Bc6 b4 43. axb4 axb4 44. Kb3 Bd4 45. Rf5 Rxh2 46. Kxb4 Re2 1/2-1/2